[Event "SJRP-ch U14"]
[Site "Germany"]
[Date "2002.04.02"]
[Round "1"]
[White "Goelz, Daniel"]
[Black "Voelbel, Patrick"]
[Result "0-1"]
[WhiteElo "1484"]
[BlackElo "1571"]
[PlyCount "88"]
[EventDate "2002.04.02"]
[EventType "swiss"]
[EventRounds "7"]
[EventCountry "GER"]
[SourceTitle "EXT 2003"]
[Source "ChessBase"]
[SourceDate "2002.11.25"]
[SourceVersion "1"]
[SourceVersionDate "2002.11.25"]
[SourceQuality "1"]

1. e4 e6 2. d4 d5 3. exd5 exd5 4. Bd3 Bd6 5. Nf3 Ne7 6. Bg5 f6 7. Bh4 Bg4 8. 0-0 Nbc6 9. c3 Qd7 10. Bg3 Bxg3 11. fxg3 0-0-0 12. Qc2 Bf5 13. Nbd2 Rhe8 14. Ne1 g6 15. Qb3 Qe6 16. Kh1 Bxd3 17. Nxd3 Qe2 18. Nf4 Qxd2 19. Rad1 Nxd4 20. cxd4 Qa5 21. Ne6 Rd6 22. Nc5 Rb6 23. Qa4 Qxa4 24. Nxa4 Rb4 25. b3 Nf5 26. Rf4 Rxd4 27. Rfxd4 Nxd4 28. h3 Ne2 29. Rxd5 Nxg3+ 30. Kg1 b6 31. Kf2 Nf5 32. Rd3 Rd8 33. Rxd8+ Kxd8 34. g4 Nd6 35. Ke3 c6 36. Nc3 Kd7 37. Kd4 Ke6 38. b4 Nb5+ 39. Nxb5 cxb5 40. Ke4 h6 41. h4 f5+ 42. gxf5+ gxf5+ 43. Kd4 Kd6 44. a3 h5 0-1

[Event "GER-ch U12"]
[Site "Winterberg"]
[Date "2002.??.??"]
[Round "1"]
[White "Kim, Oi Sin"]
[Black "Voelbel, Patrick"]
[Result "1/2-1/2"]
[WhiteElo "1309"]
[BlackElo "1621"]
[PlyCount "72"]
[EventDate "2002.05.19"]
[EventType "swiss"]
[EventRounds "11"]
[EventCountry "GER"]
[SourceTitle "CBM 088 Extra"]
[Source "ChessBase"]
[SourceDate "2002.07.01"]
[SourceVersion "2"]
[SourceVersionDate "2002.07.01"]
[SourceQuality "1"]

1. e4 e6 2. d4 d5 3. exd5 exd5 4. Bd3 Bd6 5. Nc3 Ne7 6. Nge2 Nbc6 7. Bg5 f6 8. Bf4 Be6 9. Qd2 Qd7 10. 0-0-0 Nb4 11. Bxd6 Nxd3+ 12. Qxd3 Qxd6 13. Qg3 Qxg3 14. hxg3 0-0-0 15. Nf4 Bf7 16. Rhe1 Rhe8 17. Ne6 Bxe6 18. Rxe6 c6 19. Rde1 Kd7 20. Kd2 Nf5 21. Rxe8 Rxe8 22. Rxe8 Kxe8 23. Kd3 Kd7 24. g4 Nd6 25. f4 g6 26. b3 Ke6 27. Ke3 b6 28. Kf3 c5 29. Ne2 c4 30. f5+ Kf7 31. Nf4 cxb3 32. fxg6+ hxg6 33. axb3 Nb5 34. Ke3 Nc7 35. c4 dxc4 36. bxc4 g5 1/2-1/2

[Event "Rheinhessen-ch HT2 op"]
[Site "Woerrstadt"]
[Date "1999.03.28"]
[Round "4"]
[White "Eisenhauer, Erik"]
[Black "Voelbel, Patrick"]
[Result "0-1"]
[WhiteElo "1062"]
[BlackElo "1099"]
[PlyCount "54"]
[EventDate "1999.03.27"]
[EventType "swiss"]
[EventRounds "7"]
[EventCountry "GER"]
[SourceTitle "EXT 2000"]
[Source "ChessBase"]
[SourceDate "1999.11.16"]
[SourceVersion "1"]
[SourceVersionDate "1999.11.16"]
[SourceQuality "1"]

1. b4 e6 2. Bb2 d5 3. e3 Nf6 4. b5 c5 5. Nf3 Bd6 6. c4 0-0 7. Be2 Nbd7 8. 0-0 b6 9. d4 Qc7 10. Nbd2 e5 11. Nxe5 Nxe5 12. dxe5 Bxe5 13. Bxe5 Qxe5 14. Nb3 Re8 15. Bf3 Bf5 16. Qe2 Rad8 17. cxd5 Nxd5 18. Bxd5 Rxd5 19. Rad1 Red8 20. Rxd5 Rxd5 21. Rd1 Rxd1+ 22. Qxd1 g6 23. Qe2 Qe4 24. Qb2 Qd3 25. g3 Bh3 26. Nd2 c4 27. Qd4 Qe2 0-1

[Event "Rheinhessen-ch HT2 op"]
[Site "Woerrstadt"]
[Date "1999.03.28"]
[Round "3"]
[White "Voelbel, Patrick"]
[Black "Galbraith, Martin"]
[Result "1-0"]
[WhiteElo "1099"]
[BlackElo "1056"]
[PlyCount "39"]
[EventDate "1999.03.27"]
[EventType "swiss"]
[EventRounds "7"]
[EventCountry "GER"]
[SourceTitle "EXT 2000"]
[Source "ChessBase"]
[SourceDate "1999.11.16"]
[SourceVersion "1"]
[SourceVersionDate "1999.11.16"]
[SourceQuality "1"]

1. e4 c6 2. d4 d5 3. Nc3 dxe4 4. Nxe4 e6 5. Nf3 Be7 6. Bg5 Nf6 7. Bxf6 Bxf6 8. Bc4 Be7 9. 0-0 Nd7 10. Re1 0-0 11. Qd3 c5 12. Rad1 cxd4 13. Nxd4 Nf6 14. Ng5 Qb6 15. Nf5 Qc7 16. Qg3 Qxg3 17. Nxe7+ Kh8 18. fxg3 a6 19. Rd8 Rxd8 20. Nxf7# 1-0